[Event "Sarajevo Bosna op 49th"]
[Site "Sarajevo"]
[Date "2019.04.29"]
[Round "4"]
[White "Tomic, Aleksandar1"]
[Black "Korjenic, Esrf"]
[Result "0-1"]
[WhiteElo "2357"]
[BlackElo "1922"]
[PlyCount "89"]
[EventDate "2019.04.27"]
[EventType "swiss"]
[EventRounds "9"]
[EventCountry "BIH"]
[SourceTitle "CBM 190 Extra"]
[Source "ChessBase"]
[SourceDate "2019.07.15"]
[SourceVersion "1"]
[SourceVersionDate "2019.07.15"]
[SourceQuality "1"]

1. d4 c5 2. d5 e6 3. c4 exd5 4. cxd5 d6 5. Nc3 g6 6. Nf3 Bg7 7. Bf4 Nf6 8. Qa4+ Bd7 9. Qb3 Qc7 10. e4 0-0 11. Be2 Re8 12. Nd2 a6 13. a4 Bf8 14. 0-0 a5 15. Bg5 Bg7 16. f4 Ng4 17. Bxg4 Bxg4 18. Nb5 Qd7 19. Rae1 f6 20. Bh4 Qd8 21. e5 dxe5 22. fxe5 g5 23. exf6 Rxe1 24. f7+ Kf8 25. Rxe1 Kxf7 26. d6+ Kg6 27. Bg3 Nc6 28. Nc7 Rb8 29. h3 Bf5 30. Nd5 Qg8 31. Nf3 Kh6 32. h4 Bd4+ 33. Kh1 gxh4 34. Nxd4 cxd4 35. Bf4+ Kg6 36. Bh2 d3 37. Rf1 Rf8 38. Nf4+ Kh6 39. Qc3 h3 40. Qd2 Qg5 41. Rf3 hxg2+ 42. Qxg2 Qxg2+ 43. Nxg2 Kg7 44. Bf4 Be4 45. Bh6+ 0-1

[Event "Sarajevo Bosna op 49th"]
[Site "Sarajevo"]
[Date "2019.04.28"]
[Round "2"]
[White "Pastar, Slaven"]
[Black "Korjenic, Esrf"]
[Result "1-0"]
[WhiteElo "2295"]
[BlackElo "1922"]
[PlyCount "108"]
[EventDate "2019.04.27"]
[EventType "swiss"]
[EventRounds "9"]
[EventCountry "BIH"]
[SourceTitle "CBM 190 Extra"]
[Source "ChessBase"]
[SourceDate "2019.07.15"]
[SourceVersion "1"]
[SourceVersionDate "2019.07.15"]
[SourceQuality "1"]

1. e4 c5 2. Nc3 Nc6 3. f4 d6 4. Nf3 Bg4 5. Bb5 e6 6. Bxc6+ bxc6 7. d3 d5 8. 0-0 Nf6 9. h3 Bxf3 10. Qxf3 Be7 11. e5 Nd7 12. Qg3 0-0 13. f5 Bh4 14. Qf4 exf5 15. Qxf5 Qe7 16. Bf4 Rae8 17. g3 g5 18. gxh4 gxf4 19. Rxf4 Nxe5 20. Raf1 Qe6 21. Na4 Qxf5 22. Rxf5 Nd7 23. c4 dxc4 24. dxc4 Ne5 25. Nxc5 Re7 26. R1f4 Rd8 27. Ne4 h6 28. c5 Rd3 29. Kg2 Kg7 30. Nd6 Rd2+ 31. Rf2 Rxf2+ 32. Rxf2 Re6 33. h5 Kg8 34. b4 Kg7 35. Kg3 f6 36. Re2 Kh7 37. Re3 Re7 38. Kf4 Rd7 39. Kf5 Kg7 40. Ne8+ Kf7 41. Nxf6 Nc4 42. Re4 Rd3 43. Rxc4 Rf3+ 44. Rf4 Rxf4+ 45. Kxf4 Kxf6 46. a4 a6 47. Ke4 Ke6 48. Kd4 Kf5 49. Kc4 Ke6 50. b5 axb5+ 51. axb5 cxb5+ 52. Kxb5 Kd7 53. Kb6 Kc8 54. Kc6 Kd8 1-0

[Event "Sarajevo Bosna op-B 43rd"]
[Site "Sarajevo"]
[Date "2013.06.08"]
[Round "9"]
[White "Korjenic, Esrf"]
[Black "Demic, Aleksandar"]
[Result "1-0"]
[WhiteElo "2019"]
[BlackElo "1580"]
[PlyCount "73"]
[EventDate "2013.06.01"]
[EventType "swiss"]
[EventRounds "9"]
[EventCountry "BIH"]
[SourceTitle "CBM 154 Extra"]
[Source "ChessBase"]
[SourceDate "2013.06.25"]
[SourceVersion "2"]
[SourceVersionDate "2013.06.25"]
[SourceQuality "1"]

1. d4 Nf6 2. c4 e6 3. Nc3 Bb4 4. Nf3 c5 5. e3 b6 6. Be2 Bb7 7. 0-0 0-0 8. Bd2 Bxc3 9. Bxc3 Ne4 10. Be1 f5 11. b4 g5 12. Rb1 g4 13. Ne5 d6 14. Nd3 cxb4 15. f3 Nc3 16. Bxc3 bxc3 17. fxg4 Qg5 18. Qc1 h5 19. Nf4 fxg4 20. Nxe6 Rxf1+ 21. Bxf1 Qe7 22. Nf4 h4 23. Qxc3 h3 24. Rb5 Nd7 25. Rh5 Rf8 26. Rh8+ Kg7 27. Rxf8 Nxf8 28. d5+ Kf7 29. gxh3 Qg5 30. hxg4 Qxg4+ 31. Bg2 Nd7 32. Qd3 Nf6 33. h3 Qg8 34. Qf5 Bc8 35. Ne6 Qg3 36. Ng5+ Ke7 37. Qxf6+ 1-0

[Event "Sarajevo Bosna op-B 43rd"]
[Site "Sarajevo"]
[Date "2013.06.06"]
[Round "7"]
[White "Rosic, Slavko S"]
[Black "Korjenic, Esrf"]
[Result "1-0"]
[WhiteElo "2293"]
[BlackElo "2019"]
[PlyCount "71"]
[EventDate "2013.06.01"]
[EventType "swiss"]
[EventRounds "9"]
[EventCountry "BIH"]
[SourceTitle "CBM 154 Extra"]
[Source "ChessBase"]
[SourceDate "2013.06.25"]
[SourceVersion "2"]
[SourceVersionDate "2013.06.25"]
[SourceQuality "1"]

1. e4 c5 2. Nf3 Nc6 3. d4 cxd4 4. Nxd4 d6 5. Nc3 g6 6. Be3 Bg7 7. f3 Nf6 8. Qd2 a6 9. 0-0-0 0-0 10. h4 h5 11. Bc4 Ne5 12. Bb3 b5 13. Bh6 Nc4 14. Bxc4 bxc4 15. Bxg7 Kxg7 16. g4 hxg4 17. h5 Rh8 18. hxg6 fxg6 19. Qg5 Rxh1 20. Rxh1 Kf7 21. Nd5 Qa5 22. Nc6 Qxa2 23. Ncxe7 Qa1+ 24. Kd2 Qxh1 25. Qxf6+ Ke8 26. Qxg6+ Kd8 27. Qxd6+ Ke8 28. Qg6+ Kd8 29. Qd6+ Ke8 30. Qg6+ Kd7 31. Qxg4+ Kd6 32. Nxc8+ Kc5 33. Qg6 Qh2+ 34. Ke3 Qb8 35. Qb6+ Qxb6 36. Ndxb6 1-0

[Event "Sarajevo Bosna op-B 43rd"]
[Site "Sarajevo"]
[Date "2013.06.05"]
[Round "6"]
[White "Korjenic, Esrf"]
[Black "Petrovic, Marija"]
[Result "0-1"]
[WhiteElo "2019"]
[BlackElo "2121"]
[PlyCount "244"]
[EventDate "2013.06.01"]
[EventType "swiss"]
[EventRounds "9"]
[EventCountry "BIH"]
[SourceTitle "CBM 154 Extra"]
[Source "ChessBase"]
[SourceDate "2013.06.25"]
[SourceVersion "2"]
[SourceVersionDate "2013.06.25"]
[SourceQuality "1"]

1. e4 d5 2. exd5 Qxd5 3. Nf3 Bg4 4. Be2 Nc6 5. d3 e6 6. Nc3 Qd7 7. Be3 Nf6 8. h3 Bh5 9. a3 Be7 10. Qd2 a6 11. Rd1 0-0 12. d4 Rfd8 13. 0-0 Qe8 14. Qc1 Rab8 15. Rfe1 b5 16. b4 Nd5 17. Ne4 Bg6 18. Bd3 Bxe4 19. Bxe4 Nc3 20. Bxc6 Qxc6 21. Rd3 Na4 22. c3 Nb6 23. Ne5 Qd5 24. Qc2 f6 25. Ng4 Nc4 26. Bc1 Nd6 27. Qe2 Bf8 28. Qxe6+ Qxe6 29. Rxe6 Kf7 30. Re1 Re8 31. Rde3 h5 32. Rxe8 Rxe8 33. Rxe8 Nxe8 34. Ne3 Ke6 35. Kf1 Nd6 36. f3 g6 37. Ke2 Bh6 38. g3 Bxe3 39. Bxe3 c6 40. g4 Kd5 41. Kd3 Ne8 42. Bf4 Ng7 43. Bd2 Ne6 44. Be3 f5 45. a4 f4 46. axb5 axb5 47. Bd2 hxg4 48. fxg4 g5 49. Be1 Nf8 50. h4 gxh4 51. Bxh4 Ng6 52. Be1 Nf8 53. Bd2 Ne6 54. Be1 f3 55. Bd2 Kd6 56. Ke3 Ng5 57. Be1 Kd5 58. Kf4 Ne4 59. Kxf3 Nd6 60. Kf4 Ke6 61. Bh4 Nc4 62. Be1 Nb6 63. Ke4 Nd5 64. g5 Ne7 65. Bd2 Ng6 66. Be1 Ne7 67. Bd2 Ng6 68. Bf4 Ne7 69. Be3 Nd5 70. Bd2 Ne7 71. Be1 Ng6 72. Bg3 Ne7 73. Be5 Nd5 74. Kd3 Kf5 75. Bf6 Nf4+ 76. Kc2 Ke4 77. c4 bxc4 78. Kc3 Kd5 79. Kd2 Ke4 80. Be5 Ng6 81. Ke2 Ne7 82. Kd2 Kd5 83. Kc2 Ng6 84. Kc3 Nh4 85. Bf6 Ng6 86. Be5 Nh4 87. Bf4 Ng6 88. Bg3 Ne7 89. Bf2 Ng6 90. Be1 Nf4 91. Bf2 Ng6 92. Bg3 Ne7 93. Bf4 Ng6 94. Be5 Ne7 95. Bf4 Ng6 96. Be3 Nh4 97. Bg1 Ng6 98. Bh2 Nh4 99. Bg3 Ng6 100. Be5 Nh4 101. Kd2 Nf3+ 102. Kc3 Nxg5 103. Kd2 Nf7 104. Kc3 Nh6 105. Kd2 Ng8 106. Kc2 Ne7 107. Kd2 Nc8 108. Kc2 Na7 109. Kd2 Nb5 110. Ke3 Nc3 111. Bg7 Na2 112. Bf8 Nc1 113. Be7 c3 114. Bg5 Kc4 115. Ke4 Ne2 116. b5 cxb5 117. d5 Nd4 118. d6 Ne6 119. Be3 b4 120. Ke5 Nd8 121. Bg5 Nb7 122. d7 b3 0-1

[Event "Gorazde op 1st"]
[Site "Gorazde"]
[Date "2008.11.07"]
[Round "3"]
[White "Kojic, Tigran"]
[Black "Korjenic, Esrf"]
[Result "1-0"]
[WhiteElo "2232"]
[BlackElo "2041"]
[PlyCount "71"]
[EventDate "2008.11.06"]
[EventType "swiss"]
[EventRounds "7"]
[EventCountry "BIH"]
[SourceTitle "EXT 2010"]
[Source "ChessBase"]
[SourceDate "2010.11.25"]
[SourceVersion "1"]
[SourceVersionDate "2010.11.25"]
[SourceQuality "1"]

1. d4 Nf6 2. Nf3 e6 3. g3 c5 4. Bg2 Nc6 5. 0-0 d5 6. c4 cxd4 7. Nxd4 Bc5 8. Nb3 Bb6 9. cxd5 Nxd5 10. Na3 0-0 11. Nc4 Bc7 12. Ne3 Nce7 13. Qc2 Bd7 14. Nc5 Bc6 15. Rd1 Qe8 16. Nxd5 Nxd5 17. e4 Nb4 18. Qc3 a5 19. Be3 Qc8 20. Bd4 e5 21. Bxe5 Bxe5 22. Qxe5 Re8 23. Qh5 b6 24. Bh3 Qc7 25. Nd7 Bxe4 26. Rac1 Qb7 27. Qg5 h6 28. Nf6+ Kh8 29. Qf4 gxf6 30. Qxf6+ Kg8 31. Rd7 Qd5 32. Rxd5 Nxd5 33. Qxh6 Rad8 34. Bg2 Bxg2 35. Kxg2 Re6 36. Qg5+ 1-0